000 00397nam a22001697a 4500
005 20160624093524.0
008 160624b xxu||||| |||| 00| 0 eng d
020 _a81-7224-732-X
041 _aeng
082 _b9668
100 _aHarris & harries
_92620
245 _aImproving Your Concentration Skills
260 _bJaico
_c2009
300 _a109
440 _aManagement
_92621
942 _cBK
999 _c3741
_d3740